000 00467nam a2200193Ia 4500
005 20240823042409.0
008 240823s9999||||xx |||||||||||||| ||und||
020 _a0-87692-147-0
041 _aENGLISH
082 _A629.8312
100 _a"Ogata,Katsuhiko"
245 0 _aModern Control Engineering
250 _a3rd
260 _c2001
_b"PHI,New Delhi"
500 _aTRANSFERED
650 _aControl Theory
_bInstrumentation
942 _cBK
999 _c207771
_d207771